000 00265nam a2200121Ia 4500
008 220613s9999||||xx |||||||||||||| ||und||
100 _aJ CORNE
245 0 _a100 CHEST X RAY PROBLEMS
260 _bCHURCHILL
300 _a205
650 _aRadiology
942 _cMEDI
999 _c8284
_d8284